00692cam a2200205 a 450000100100000000500170001000800410002702000150006804000230008304300120010608200190011810000260013724500880016326000300025130000210028165000550030265000750035760000240043270000300045600001515720200929163953.0870306s1987 bl 000 0 por  c9977904391 aDO-SdBNPcDLCdDLC ancnq--- a261.834bC334n1 aCasaldáliga, Pedro.10aNicaragua, combate y profecía /cPedro Casaldáliga ; prólogo Mario Benedetti. aSan José :bDEI,c1987. a188 p. ;c21 cm. 4aIglesia católica y problemas socialeszNicaragua 4aIglesia católica y problemas socialeszNicaraguaxHistoriaySIGLO XX10aCASALDALIGA, PEDRO.1 aBenedetti, Marioepról.